000 00354pab a2200145 454500
008 180718b1984 xxu||||| |||| 00| 0 eng d
100 _aTyagi, D.S.
245 _aPrice policy for growth of productivity
260 _c1984
300 _a27-32
362 _aAnnual Number
650 _aFarm Produce - Prices - India
773 _aCommerce
909 _a8176
999 _c8176
_d8176